|
|
|
|
| LEADER |
00896pam a22002658a 4500 |
| 001 |
00039238 |
| 005 |
20171026081025.0 |
| 008 |
170518s2008 ||||||Viesd |
| 041 |
0 |
# |
|a Vie
|
| 082 |
1 |
4 |
|a 361
|b NH123M
|
| 100 |
1 |
# |
|a Nguyễn, Duy Nhiên
|
| 245 |
1 |
0 |
|a Nhập môn công tác xã hội
|c Nguyễn Duy Nhiên
|b tập bài giảng dùng cho sinh viên ngành công tác xã hội trường đại học sư phạm Hà Nội
|
| 260 |
# |
# |
|a Hà Nội
|b Lao động
|c 2008
|
| 300 |
# |
# |
|a 248tr.
|c 24cm
|
| 653 |
# |
# |
|a Công tác
|
| 653 |
# |
# |
|a Nhập môn
|
| 653 |
# |
# |
|a Xã hội
|
| 852 |
# |
# |
|b Kho mượn
|j KGT.0052832
|
| 852 |
# |
# |
|b Kho đọc
|j KD.0021789
|
| 852 |
# |
# |
|j KGT.0052832
|j KD.0021789
|
| 910 |
|
|
|d 18/05/2017
|
| 980 |
# |
# |
|a Trung tâm Học liệu Lê Vũ Hùng, Trường Đại học Đồng Tháp
|